000 00577nam a2200181Ia 4500
003 GCL
008 140319s9999 xx 000 0 ara d
040 _aGCL /
_cGCL
082 0 4 _a614.55
_bم ف
100 1 _aمريد ينى حنا
245 1 0 _aفى عالم الطفيليات (هدية من الاديب عبدالفتاح الجمل) /
_cمريد ينى حنا
300 _a111 ص
490 _aالمكتبة الثقافية
_v0
650 0 4 _aالطفيليات
650 0 4 _aالحشرات الضارة
650 0 4 _aالطفيليات، نمو
942 _2ddc
_cBK
999 _c47131
_d47131